000 00787nam a22001937a 4500
999 _c372050
_d372050
008 201127b ||||| |||| 00| 0 eng d
040 _aDE-2950
_bger
_cDE-2950
_erda
041 _ager
245 _aDer Kältebus für Obdachlose fährt wieder durch die Stadt:
_bRettung. Vor allem nachts ist es derzeit in Frankfurt klirrend kalt. Deshalb verkehrt der DRK-Kältebus mit heißem Tee und warmer Kleidung in der Stadt/
_cPhilipp Stepputtis
264 _c2022
653 _aFrankfurt (Oder)
653 _aSoziales
653 _aKältehilfe
773 _dFrankfurt (Oder) Märkisches Verlags- und Druckhaus GmbH & Co KG
_tMärkische Oderzeitung
_g33. Jahrgang (2022) Nr. 293 vom 16.12.2022, S. 13
942 _cA